000 00934cab a2200229 4500
001 ABS51112
008 090401t1994 xxu||||| |||| 00| 0 eng d
035 _a(Sirsi) u10816
041 _aeng
100 _aClapp, J.
245 4 _aThe UK aggregates industry in the 1990s - prospects, threats and opportunities
260 _c1994
350 _a0
490 _aQuarry Management
_vJuly 1994, 25-27(3)
520 _aReviews prospects and opportunities for UK aggregates companies, considering that recovery is in sight, since most of the springtime aggregates price increase has held, giving aggregates companies greater confidence for the future.Discusses conclusions from the new report published for the industry in February 1994 by BDS Marketing and Research.
650 _aAGGREGATES INDUSTRY
650 _aAGGREGATES MARKET
650 _aFORECASTS
690 _aMINING AND MINERALS
942 _n0
948 _c04/03/1997
999 _c6881
_d6881